Loading...
| Beliefs | 6 | 18.33 | 3,000% | 300% | 300% |
| Fine Arts - Auditory | 3 | 13.33 | 1,200% | 200% | 400% |
| Fine Arts - Visual | 3 | 20.00 | 3,600% | 200% | 400% |
| Geography | 1 | 10.00 | 0% | 0% | 600% |
| History - American | 4 | 20.00 | 1,800% | 450% | 450% |
| History - European | 4 | 20.00 | 2,700% | 300% | 450% |
| History - World | 2 | 10.00 | 1,800% | 300% | 0% |
| Literature - American | 2 | 15.00 | 1,800% | 300% | 300% |
| Literature - British | 2 | 10.00 | 0% | 300% | 300% |
| Literature - European | 3 | 16.67 | 1,200% | 200% | 600% |
| Other Arts: Auditory | 1 | 20.00 | 3,600% | 600% | 0% |
| Other Arts: Visual | 3 | 13.33 | 1,200% | 400% | 200% |
| Other Science: Astronomy | 1 | 10.00 | 0% | 600% | 0% |
| Other Science: Math | 1 | 20.00 | 3,600% | 0% | 600% |
| Philosophy | 2 | 20.00 | 3,600% | 300% | 300% |
| Science - Biology | 4 | 12.50 | 1,800% | 150% | 300% |
| Science - Chemistry | 6 | 18.33 | 1,800% | 300% | 500% |
| Science - Physics | 2 | 15.00 | 1,800% | 600% | 0% |
| Social Science | 5 | 22.00 | 1,440% | 480% | 600% |
| 8 | 20.00 | 2,700% | 375% | 375% |